| 000 | 00525nam a2200193Ia 4500 | ||
|---|---|---|---|
| 003 | GCL | ||
| 008 | 140319s9999 xx 000 0 eng d | ||
| 020 | _a1561800309 | ||
| 040 |
_aGCL / _cGCL |
||
| 082 | 0 | 4 |
_aCH _b813.1 _bG W |
| 100 | 1 | _aMCGUIRE, LESLIE | |
| 245 | 1 | 0 |
_aWHO WILL PLAY WITH ME ? / _cMCGUIRE, LESLIE |
| 260 |
_aنيويورك : _bLITTLE & WOODS PRESS ، _c0 |
||
| 300 | _a24 CM | ||
| 650 | 0 | 4 | _aAMERICAN FICTION |
| 650 | 0 | 4 | _aAMERICAN LITERATURE |
| 650 | 0 | 4 | _aCHILDREN'S STORIES - AMERICA |
| 942 |
_2ddc _cBK |
||
| 999 |
_c18462 _d18462 |
||